Zoología agrícola : concepto e importancia, relación con otras ciencias, nociones de nomenclatura zoológica /
Guardado en:
| Otros Autores: | |
|---|---|
| Formato: | Libro |
| Idioma: | Spanish |
| Publicado: |
Bahía Blanca :
Universidad Nacional del Sur, Departamento de Agronomía,
1982.
|
| Series: | Zoología Agrícola ;
nº 3 |
| Etiquetas: |
Agregar Etiqueta
Sin Etiquetas, Sea el primero en etiquetar este registro!
|
| LEADER | 00767nam a22001815a 4500 | ||
|---|---|---|---|
| 001 | EEA.libagro003503 | ||
| 005 | 20190603131146.0 | ||
| 008 | 130809s1982####ag############000#0#spa#d | ||
| 082 | 0 | 4 | |a 632 |
| 082 | 0 | 4 | |a 630.29 |
| 245 | 1 | 0 | |a Zoología agrícola : |b concepto e importancia, relación con otras ciencias, nociones de nomenclatura zoológica / |c Evelio R. Avila. |
| 260 | |a Bahía Blanca : |b Universidad Nacional del Sur, Departamento de Agronomía, |c 1982. | ||
| 300 | |a 18 h. ; |c 33 cm. | ||
| 490 | 1 | |a Zoología Agrícola ; |v nº 3 | |
| 700 | 1 | |a Avila, Evelio Raúl. | |
| 859 | |a AR-BbBCA |b BIB. AGRONOMIA |h 632 |i B151 3 |p 1985/0740 |v 3 |3 3 | ||
| 859 | |a AR-BbBCA |b BIB. AGRONOMIA |h 632 |i B151 3 |p 1995/2278 |t Ej.2 |v 3 |3 3 | ||
| 859 | |a AR-BbBCA |b BIB. AGRONOMIA |h 632 |i B151 3 |p 1995/2279 |t Ej.3 |v 3 |3 3 | ||
